|
|
|
|
| LEADER |
01156nam a2200361 a 4500 |
| 001 |
000041965 |
| 003 |
4768 |
| 005 |
20190913142344.0 |
| 008 |
171030s1998 |
| 020 |
|
|
|a 0395872413
|
| 040 |
|
|
|a LNN
|
| 040 |
|
|
|a IRC
|c IRC
|d IRC
|
| 041 |
0 |
|
|a eng
|
| 082 |
1 |
4 |
|a 428.40712
|b RO-B
|
| 100 |
1 |
|
|a Roe, Betty D.
|
| 245 |
0 |
0 |
|a Secondary school literacy instruction :
|b the content areas /
|c Betty D. Roe.
|
| 250 |
|
|
|a 6th ed.
|
| 260 |
|
|
|a Boston :
|b Houghton Mifflin,
|c 1998.
|
| 300 |
|
|
|a xix, 528p. :
|b ill.
|
| 630 |
0 |
4 |
|a English language.
|
| 650 |
0 |
4 |
|a Reading comprehension.
|
| 650 |
0 |
4 |
|a Content area reading.
|
| 650 |
0 |
4 |
|a Reading (Secondary)
|
| 650 |
0 |
4 |
|a Language arts (Secondary)
|
| OWN |
|
|
|a LNN
|
| AVA |
|
|
|a UDN50
|b LNN
|c English
|d 428.41 RO-B
|e available
|t Error 5001 Not defined in file expand_doc_bib_avail.
|f 1
|g 0
|h N
|i 0
|j AN
|k 1
|
| 999 |
|
|
|a From the UDN01
|
| AVA |
|
|
|a UDN50
|b LNN
|c English
|d 428.41 RO-B
|e available
|t Error 5001 Not defined in file expand_doc_bib_avail.
|f 1
|g 0
|h N
|i 0
|j AN
|k 1
|
| TYP |
|
|
|a Monograph
|
| TYP |
|
|
|a Printed language
|
| 980 |
|
|
|a Mạng thư viện Đại học Đà Nẵng
|